Score 0/50 Timer 07:00
4 Plays Today
Hint Answer % Correct
Flag ColorBlue
96.2%
Flag ColorRed
96%
Flag ColorWhite
95.9%
Official LanguageEnglish
93.2%
Official NameNew Zealand
90.8%
Lowest Point (0m)Pacific Ocean
90.1%
Capital CityWellington
89.2%
Nationality (Demonym)New Zealander (Kiwi)
89.2%
Bordering OceanPacific Ocean
85.5%
Drives on the... Left
85.3%
National BirdKiwi
85.2%
Native PeopleMāori
83.9%
Official LanguageMāori
83.9%
Largest CityAuckland
83.2%
National SportRugby Union
82.9%
CurrencyNew Zealand Dollar
82.4%
Age of Suffrage18
79.5%
Internet Code.nz
79.2%
Largest ReligionChristianity
79.1%
Primary ContinentOceania
78.8%
Independence FromUnited Kingdom
76.3%
Major IslandSouth Island (Te Wai Pounamu/Te Waka Aoraki)
76%
Major IslandNorth Island (Te Ika a Maui)
74.2%
MonarchQueen Elizabeth II
69.3%
National Rugby Team NameAll Blacks
66.2%
Hint Answer % Correct
Second Largest CityChristchurch
65%
Highest Point (3,754 m)Mount Cook (Aoraki)
63%
Number of Regions16
57.7%
First European AshoreCaptain James Cook
57.6%
Bordering SeaTasman Sea
55.2%
Dependent TerritoryCook Islands
51.3%
Major Political PartyLabour Party
49.8%
Royal AnthemGod Save the Queen
49.3%
Prime MinisterJacinda Ardern
49.2%
Native NameAotearoa
41.3%
Official LanguageNew Zealand Sign Language
35.2%
Largest LakeLake Taupo
32%
National AnthemGod Defend New Zealand
32%
Major IslandStewart Island (Rakiura)
31.7%
Major Political PartyNational Party
31.7%
Major Mountain RangeSouthern Alps
30.1%
Parliament BuildingThe Beehive
27.4%
Longest RiverWaikato River
23.4%
Dependent TerritoryNiue
21.8%
National Day (Waitangi Day)February 6, 1840
20.6%
Governor GeneralDame Patsy Reddy
15.4%
Dependent TerritoryTokelau
13.8%
Year of European Arrival1642
11.9%
Dependent TerritoryRoss Dependency
8.8%
Original European NameStaten Landt
7.2%
Remove Ads.
Support Sporcle.
Get the best of Sporcle when you Go Orange. This ad-free experience offers more features, more stats, and more fun while also helping to support Sporcle. Thank you for becoming a member.

You're not logged in!

Compare scores with friends on all Sporcle quizzes.
OR
Log In

Show Comments

Extras

Top Quizzes Today


Score Distribution

Your Account Isn't Verified!

In order to create a playlist on Sporcle, you need to verify the email address you used during registration. Go to your Sporcle Settings to finish the process.

Report this User

Report this user for behavior that violates our Community Guidelines.

Details: